000 01527cam a22003617a 4500
003 CHAP
005 20220329142041.0
008 990427d1998 mx rs o00110 spa d
010 _a77631
011 _a78603
020 _a970130876X
035 _a88614
040 _cCHAP
082 0 4 _a630.83
_bI63 v.6
110 2 _aInstituto Nacional de Estadística, Geografía e Informática. México
_959304
245 1 0 _aPrincipales cultivos hortícolas de México
_c/por Instituto Nacional de Estadística, Geografía e Informática
260 _aAguascalientes, Ags. :
_bInstituto Nacional de Estadística, Geografía e Informática,
_c1998.
300 _a49 p. :
_bgráfs. ; cuadros
590 _aBATCH-UPD
_b10
_c20130110
_lUCH01
_h0538
590 _aBATCH-UPD
_b10
_c20130110
_lUCH01
_h2236
590 _aBATCH-UPD
_b10
_c20130410
_lUCH01
_h0219
590 _aBATCH-UPD
_b10
_c20130914
_lUCH01
_h1624
590 _aCONVERSION
_b10
_c20130109
_lUCH01
_h1343
650 1 4 _aHorticultura
_xEstadísticas
_zMéxico.
_956331
710 0 _aColegio de Postgraduados. Montecillo, Méx.
_925095
901 _aBK
905 _aLilia Sánchez G.
942 _cLIBRO
949 _a630.83 I63 v.6
_bBC
_cINEGI
_d33724000721783
_eINEGI
_h95110
_i88614
_kDonaciØn
_sb
949 _a630.83 I63 v.6
_bBC
_cINEGI
_d33724000855755
_eINEGI
_fc.3
_h101653
_i88614
_kDonaciØn
_si
949 _a630.83 I63 v.6
_bBC
_cINEGI
_d33724000998936
_eINEGI
_fc.4
_gDonaciØn
_h107963
_i88614
_sb
949 _a630.83 I63 v.6
_bBC
_cUACH
_d33724000721775
_eUACH
_fc.2
_gI.c/e
_h95111
_i88614
_sb
999 _c77631
_d77631